| 000 | 01065nas a2200313 4500 | ||
|---|---|---|---|
| 001 | BR2011005042 | ||
| 003 | BR-BrBNA | ||
| 005 | 20231205115604.0 | ||
| 007 | ta | ||
| 008 | 230509b bl.|||p| |||| 00| 00por d | ||
| 040 |
_aBR-BrBNA _bpor _cBiblioteca Nacional de Agricultura |
||
| 041 | _a(Pt) | ||
| 072 | _aF70 | ||
| 100 | 1 | _aMartins, S.E. | |
| 100 | 1 | _aRossi, L. | |
| 100 | 1 | _aSampaio, P. de S.P. | |
| 100 | 1 | _aMagenta, M.A.G. | |
| 245 | 1 | _aCaracterização florística de comunidades vegetais de restinga em Bertioga, SP, Brasil | |
| 246 | 1 | _aFloristics characterization of "restinga" plant communities at Bertioga, São Paulo State, Brazil | |
| 650 | _aFLORA | ||
| 650 | _aRESTINGA | ||
| 650 | _aVEGETAÇÃO | ||
| 650 | _aLEVANTAMENTO | ||
| 650 | _aBIODIVERSIDADE | ||
| 773 | 0 |
_tActa Botanica Brasilica (Brazil) _xISSN 0102-3306 _g(Jan-Mar 2008), v. 22(1) p. 249-274 _wBR2011005042 |
|
| 856 | 4 |
_uhttp://www.scielo.br/pdf/abb/v22n1/a24v22n1.pdf _yRecurso eletrônico (PDF) |
|
| 909 |
_a202311 _bLúcia _c55 _dLúcia Elande |
||
| 942 |
_2AGRIS _n0 _cANA |
||
| 999 |
_c214642 _d214642 |
||